El asesinato de Edagar Allan Poe / (Registro nro. 30387)

Detalles MARC
000 -LEADER
fixed length control field 00330nam a22001337a 4500
003 - CONTROL NUMBER IDENTIFIER
control field OSt
005 - DATE AND TIME OF LATEST TRANSACTION
control field 20231127215257.0
008 - FIXED-LENGTH DATA ELEMENTS--GENERAL INFORMATION
fixed length control field 231127b |||||||| |||| 00| 0 eng d
040 ## - CATALOGING SOURCE
Transcribing agency CO-JMCR
082 ## - DEWEY DECIMAL CLASSIFICATION NUMBER
Classification number C /
Item number MENa
100 ## - MAIN ENTRY--PERSONAL NAME
Personal name Mendoza Luna, Miguel,
Relator term autor
9 (RLIN) 7612
245 ## - TITLE STATEMENT
Title El asesinato de Edagar Allan Poe /
942 ## - ADDED ENTRY ELEMENTS (KOHA)
Source of classification or shelving scheme Dewey Decimal Classification
Koha item type Books
Existencias
Withdrawn status Lost status Source of classification or shelving scheme Damaged status Not for loan Home library Current library Date acquired Total Checkouts Full call number Barcode Date last seen Price effective from Koha item type Public note
    Dewey Decimal Classification     Biblioteca Pública José María del Castillo y Rada Biblioteca Pública José María del Castillo y Rada 11/27/2023   C / MENa 35714005551737 11/27/2023 11/27/2023 Books Material interbibliotecario Biblored